| 000 | 00912nam a2200289 i 4500 | ||
|---|---|---|---|
| 001 | 000026654 | ||
| 003 | DO-SdBNP | ||
| 005 | 20231229093412.0 | ||
| 006 | a||||er|||| 00| 0 | ||
| 007 | ta | ||
| 008 | 110324e1970 dr ac r 000 h spa d | ||
| 040 |
_aDO-SdBNP _bspa _cBNPHU _erda |
||
| 082 | 4 |
_aRD863.44 _bP453h _222 |
|
| 100 | 1 |
_aPerozo, César N. _929287 _eautor |
|
| 245 | 1 | 0 |
_aHoras de buen humor / _cCésar N. Perozo ; prólogo, Víctor Villegas. |
| 264 | 1 |
_aSanto Domingo : _bRoss, _c1970. |
|
| 300 |
_a151 páginas : _bIlustraciones, retrato ; _c21 cm. |
||
| 336 |
_2rdacontent _atexto _btxt |
||
| 337 |
_2rdamedia _asin mediación _bn |
||
| 338 |
_2rdacarrier _avolumen _bnc |
||
| 590 | _aInventariado, 2023 / MF | ||
| 650 | 4 | _aCuentos dominicanos | |
| 650 | 4 | _aLiteratura dominicana | |
| 700 | 1 |
_aVillegas, Víctor, _eprólogo _97744 |
|
| 910 | _aValidado. Control de calidad MFF | ||
| 942 |
_2ddc _cLBS1 |
||
| 999 |
_c26146 _d26146 |
||